Padres Nuestros que están en las escuelas y otros ensayos

Guardat en:
Dades bibliogràfiques
Autor principal: Antelo, Estanislao (Autor)
Format: Llibre
Idioma:espanyol
Publicat: Rosario Homo Sapiens Ediciones 2014
Edició:1a. ed
Matèries:
Etiquetes: Afegir etiqueta
Sense etiquetes, Sigues el primer a etiquetar aquest registre!

MARC

LEADER 00000cam a2200000 a 4500
001 UCC2053
003 CL-VaPUC
008 171230e20140000ag |||||||||||||||||spa|d
020 |a 9789508088543 
082 0 4 |a 370.15  |b ANT  |2 21 
100 0 |a Antelo, Estanislao  |e author  |9 596198 
245 1 0 |a Padres Nuestros que están en las escuelas y otros ensayos 
250 |a 1a. ed 
300 |a 205 p 
942 |c BK 
945 |d 20171230 00:11:00  |a dcastane 
260 |a Rosario  |b Homo Sapiens Ediciones  |c 2014 
650 0 |a Pedagogía  |9 255351 
650 0 |a Educación inclusiva   |9 560584 
583 |a last modification  |c 20171230 00:11:00  |k Rodrigo Vera 
999 |c 370354  |d 370352 
952 |0 0  |1 0  |3 erb  |4 0  |6 370_150000000000000_ANT_2014  |7 0  |8 A  |9 486757  |a BIBEDU  |b BIBEDU  |i 5444012  |o 370.15 ANT 2014  |p 5444012  |r 2019-11-24  |w 2019-11-24  |y BK  |z Catalogado en:20171230  |k EPE